Joe and Sparky get new wheels / (Record no. 5803)
[ view plain ]
| 000 -LEADER | |
|---|---|
| fixed length control field | 01251nam a22003017a 4500 |
| 001 - CONTROL NUMBER | |
| control field | 5803 |
| 003 - CONTROL NUMBER IDENTIFIER | |
| control field | FISKH |
| 005 - DATE AND TIME OF LATEST TRANSACTION | |
| control field | 20250826091631.0 |
| 008 - FIXED-LENGTH DATA ELEMENTS--GENERAL INFORMATION | |
| fixed length control field | 250123b cb ||||| |||| 00| 0 eng d |
| 020 ## - INTERNATIONAL STANDARD BOOK NUMBER | |
| International Standard Book Number | 9780545347518 |
| 040 ## - CATALOGING SOURCE | |
| Original cataloging agency | FISKH |
| Language of cataloging | eng |
| Transcribing agency | FISKH |
| Modifying agency | FISKH |
| 050 ## - LIBRARY OF CONGRESS CALL NUMBER | |
| Classification number | PZ7.M5815 |
| 082 ## - DEWEY DECIMAL CLASSIFICATION NUMBER | |
| Classification number | 813.6 |
| 100 ## - MAIN ENTRY--PERSONAL NAME | |
| Personal name | Michalak, Jamie |
| 245 ## - TITLE STATEMENT | |
| Title | Joe and Sparky get new wheels / |
| Statement of responsibility, etc. | Jamie Michalak ; illustrated by Frank Remkiewicz |
| 250 ## - EDITION STATEMENT | |
| Edition statement | First printing in 2011 |
| 260 ## - PUBLICATION, DISTRIBUTION, ETC. | |
| Place of publication, distribution, etc. | Someville : |
| Name of publisher, distributor, etc. | Scholastic, |
| Date of publication, distribution, etc. | 2009. |
| 300 ## - PHYSICAL DESCRIPTION | |
| Extent | 42 pages : |
| Other physical details | color illustrations ; |
| Dimensions | 23 cm |
| 505 ## - FORMATTED CONTENTS NOTE | |
| Formatted contents note | J<br/> |
| 520 ## - SUMMARY, ETC. | |
| Summary, etc. | Sparky is a turtle who likes to stay inside his shell. Joe is a giraffe who likes to stretch his neck and see the world. When a car appears one day at the famous cageless zoo where they live, the two set off on the ride of their lives, with Joe behind the wheel and Sparky hanging on for dear life. From the shopping mall to the car wash to the take-out burger joint, Joe and Sparky cause mayhem everywhere they go. |
| 521 8# - TARGET AUDIENCE NOTE | |
| Target audience note | 480<br/> |
| Source | Lexile<br/> |
| 521 8# - TARGET AUDIENCE NOTE | |
| Target audience note | J<br/> |
| Source | Raz-Plus<br/> |
| 650 ## - SUBJECT ADDED ENTRY--TOPICAL TERM | |
| Source of heading or term | Adventure |
| Topical term or geographic name entry element | Giraffes |
| 650 ## - SUBJECT ADDED ENTRY--TOPICAL TERM | |
| Source of heading or term | Friendship |
| Topical term or geographic name entry element | Easy reader |
| 700 ## - ADDED ENTRY--PERSONAL NAME | |
| Personal name | Remkiewicz, Frank |
| Dates associated with a name | illustrator |
| 942 ## - ADDED ENTRY ELEMENTS (KOHA) | |
| Source of classification or shelving scheme | Dewey Decimal Classification |
| Koha item type | Books |
| Suppress in OPAC | No |
| Withdrawn status | Lost status | Source of classification or shelving scheme | Damaged status | Not for loan | Collection | Home library | Current library | Shelving location | Date acquired | Total Checkouts | Full call number | Barcode | Date last seen | Date last checked out | Copy number | Price effective from | Koha item type |
|---|---|---|---|---|---|---|---|---|---|---|---|---|---|---|---|---|---|
| Dewey Decimal Classification | Juvenile Fiction | Footprints International School Library Network Toul Kork Campus | Footprints International School Library Network Toul Kork Campus | TK Primary Library Room(4th Floor), Bookcase 1&2, Shelves 1-16, Dark Blue Books | 01/23/2025 | 2 | MIC 813.6 PZ7.M5815 | FISTK01596 | 03/19/2025 | 03/12/2025 | 1 | 01/23/2025 | Books | ||||
| Dewey Decimal Classification | Juvenile Fiction | Footprints International School Library Network Toul Tom Poung Campus | Footprints International School Library Network Toul Tom Poung Campus | TTP Primary Dark Blue Bookshelves | 08/26/2025 | MIC 813.6 PZ7.M5815 | 2025-4238 | 08/26/2025 | 2 | 08/26/2025 | Books |
